| 000 | 00331nam a22000977a 4500 | ||
|---|---|---|---|
| 999 |
_c515137 _d515137 |
||
| 082 | _aTNC K M983 | ||
| 100 |
_aMuthayya,B.C. and i. Gananakannan _920272 |
||
| 245 |
_aDevelopmental personnel _bA psycho-social study across three states in India _cBy B.C. Muthayya and I. Gananakannan |
||
| 260 |
_aHyderabad _bNICD _c1973 |
||
| 300 | _a185P. | ||